000 00813nam a2200253 a 4500
001 12484
003 CO-ViMGA
008 141112s2004 ck r 000 u spa d
020 _a8425510643
040 _aCO-ViMGA
_bspa
_cCO-ViMGA
082 0 4 _a797.2 M45a
100 1 _aBucher, Walter
_917973
245 1 0 _a1000 Ejercicios y Juegos de Natación y actividades Acuáticas
260 _aBarcelona :
_bHispano Europea,
_c1999
300 _a201p. : il.
490 _aColección Herakles
590 _aForma de adquisición : COMPRA - - Precio : 96.800 - - Proveedor : TUCIDIDES PEREA - - Fecha de adquisición : 09 - 06 - 2000
650 1 4 _aBUCEO
_917974
650 1 4 _aNATACION SINCRONIZADO
_917975
650 1 4 _aSALTOS
_917976
650 1 4 _aSALVAMENTO
_917977
650 1 4 _aWATERPOLO
_917978
942 _2ddc
_cBK
999 _c23481
_d23481